Roles Indian managers play: an investigation into the nature of managerial work in India (Record no. 26022)

000 -LEADER
fixed length control field 00455pab a2200145 454500
008 - FIXED-LENGTH DATA ELEMENTS--GENERAL INFORMATION
fixed length control field 180718b xxu||||| |||| 00| 0 eng d
100 ## - MAIN ENTRY--PERSONAL NAME
Personal name Das Hari
245 ## - TITLE STATEMENT
Title Roles Indian managers play: an investigation into the nature of managerial work in India
362 ## - DATES OF PUBLICATION AND/OR SEQUENTIAL DESIGNATION
Dates of publication and/or sequential designation 29(2), Oct 93, p.133-56
650 ## - SUBJECT ADDED ENTRY--TOPICAL TERM
Topical term or geographic name entry element Managers -- India
650 ## - SUBJECT ADDED ENTRY--TOPICAL TERM
Topical term or geographic name entry element Executives - India
700 ## - ADDED ENTRY--PERSONAL NAME
Personal name Manimala Mathew J.
773 ## - HOST ITEM ENTRY
Main entry heading Indian Journal of Industrial Relations
909 ## -
-- 26022
Holdings
Withdrawn status Lost status Damaged status Not for loan Permanent Location Current Location Date acquired Barcode Date last seen Price effective from Koha item type
        Indian Institute of Public Administration Indian Institute of Public Administration 2018-07-19 AR26096 2018-07-19 2018-07-19 Articles

Powered by Koha